[Event "COL-ch sf (Women)"]
[Site "Pereira"]
[Date "2024.03.28"]
[Round "3"]
[White "Lopez Mahecha, Natalia"]
[Black "Ceballos Castellanos, Isabela"]
[Result "1-0"]
[WhiteElo "1625"]
[BlackElo "1851"]
[PlyCount "104"]
[EventDate "2024.03.27"]
[EventType "swiss"]
[EventRounds "9"]
[EventCountry "COL"]
[SourceTitle "CB14_2024"]
[SourceDate "2024.04.01"]
[SourceVersion "1"]
[SourceVersionDate "2024.04.01"]
[SourceQuality "1"]

1. e4 c5 2. Nf3 Nc6 3. d4 cxd4 4. Nxd4 Nf6 5. f3 e6 6. Be2 Qb6 7. Nb5 d5 8. exd5 Nxd5 9. c4 Bb4+ 10. N1c3 Nxc3 11. bxc3 Bc5 12. Nd6+ Bxd6 13. Qxd6 Qd8 14. Qxd8+ Kxd8 15. Be3 e5 16. f4 Be6 17. Rb1 Kc8 18. fxe5 Nxe5 19. Rb5 Nd7 20. Bf3 Bxc4 21. Bxb7+ Kd8 22. Rb4 Rb8 23. Bxa7 Re8+ 24. Kd1 Rxb7 25. Rxb7 Bd5 26. Rb2 Kc7 27. Re1 Ra8 28. Bd4 f6 29. Re7 Rg8 30. c4 Ba8 31. a4 Kd6 32. Re3 Rc8 33. c5+ Kd5 34. Re7 Bc6 35. Rb4 Nxc5 36. Bxc5 Kxc5 37. Rg4 h5 38. Rgxg7 Bxa4+ 39. Ke1 Kd4 40. Kf2 Rc2+ 41. Re2 Rc5 42. Rg6 Rf5+ 43. Kg3 Kd3 44. Re6 Rc5 45. Rgxf6 Rg5+ 46. Kf2 Bb5 47. h4 Rg4 48. Re5 Bc4 49. Rxh5 Ke4 50. g3 Rg8 51. Rf4+ Kd3 52. Rxc4 Kxc4 1-0

[Event "COL-ch sf (Women)"]
[Site "Pereira"]
[Date "2024.03.27"]
[Round "1"]
[White "Susunaga Duran, Madelen Fernanda"]
[Black "Ceballos Castellanos, Isabela"]
[Result "0-1"]
[WhiteElo "1614"]
[BlackElo "1851"]
[PlyCount "40"]
[EventDate "2024.03.27"]
[EventType "swiss"]
[EventRounds "9"]
[EventCountry "COL"]
[SourceTitle "CB14_2024"]
[SourceDate "2024.04.01"]
[SourceVersion "1"]
[SourceVersionDate "2024.04.01"]
[SourceQuality "1"]

1. e4 c5 2. Nf3 g6 3. d4 cxd4 4. Nxd4 Nc6 5. c4 Bg7 6. Be3 Nf6 7. Nc3 d6 8. Be2 0-0 9. 0-0 a5 10. f3 Bd7 11. Rc1 a4 12. c5 a3 13. Nxc6 Bxc6 14. cxd6 axb2 15. dxe7 Qxe7 16. Rb1 Ra3 17. Qc2 Nxe4 18. Nxe4 Rxe3 19. Bc4 Bxe4 20. fxe4 Rc3 0-1

[Event "COL-chT (Women)"]
[Site "Risaralda"]
[Date "2023.11.21"]
[Round "5.3"]
[White "Tamara Zedan, Maria Camila"]
[Black "Ceballos Castellanos, Isabela"]
[Result "0-1"]
[WhiteElo "1624"]
[BlackElo "1710"]
[PlyCount "110"]
[EventDate "2023.11.19"]
[EventType "team-swiss"]
[EventRounds "7"]
[EventCountry "COL"]
[SourceTitle "CB49_2023"]
[SourceDate "2023.12.06"]
[SourceVersion "1"]
[SourceVersionDate "2023.12.06"]
[SourceQuality "1"]
[WhiteTeam "La Guajira (W)"]
[BlackTeam "Caldas (W)"]
[WhiteTeamCountry "COL"]
[BlackTeamCountry "COL"]

1. d4 Nf6 2. e3 g6 3. f4 d5 4. Bd3 c5 5. c3 cxd4 6. exd4 Nc6 7. Nf3 Bg4 8. Nbd2 Qc7 9. Nb3 Ne4 10. Qe2 f5 11. h3 Ng3 12. Qe3 Bxf3 13. Qxf3 Nxh1 14. Bd2 e6 15. 0-0-0 0-0-0 16. Rxh1 a5 17. Qe3 Re8 18. Kb1 a4 19. Nc1 Qb6 20. Kc2 Bg7 21. Ne2 h5 22. Rb1 Na5 23. Ng1 Kb8 24. Nf3 Bf6 25. Ne5 Bxe5 26. Qxe5+ Ka8 27. b3 Nc6 28. Qe3 a3 29. b4 Rc8 30. Kd1 Na7 31. Rb3 Rhe8 32. Rxa3 Kb8 33. Rb3 Nb5 34. a4 Nd6 35. Qe5 Qc7 36. Qe3 Ne4 37. Bb5 Re7 38. a5 Ka7 39. Ra3 h4 40. Bd3 Rg7 41. b5 Qd6 42. Rb3 g5 43. b6+ Kb8 44. Bxe4 fxe4 45. fxg5 Rf8 46. Qe2 Rgf7 47. Be1 Qc6 48. Rb4 Rf1 49. Kc2 Qd6 50. Kb3 Qf4 51. Kc2 e3 52. Rb1 Qe4+ 53. Kc1 R8f2 54. Rb2 Rxe2 55. Rxe2 Qd3 0-1

[Event "COL Students-ch (Women)"]
[Site "Santa Fe"]
[Date "2023.09.24"]
[Round "4"]
[White "Almanza Avila, Nataly"]
[Black "Ceballos Castellanos, Isabela"]
[Result "0-1"]
[WhiteElo "1422"]
[BlackElo "1710"]
[PlyCount "64"]
[EventDate "2023.09.23"]
[EventType "swiss"]
[EventRounds "6"]
[EventCountry "COL"]
[SourceTitle "EXT 2024"]
[Source "ChessBase"]
[SourceDate "2023.10.10"]
[SourceVersion "1"]
[SourceVersionDate "2023.10.10"]
[SourceQuality "1"]

1. d4 g6 2. Nf3 Bg7 3. Bf4 d6 4. e3 Bg4 5. Bg5 c6 6. Bd3 Bxf3 7. Qxf3 Qa5+ 8. c3 Qxg5 9. Nd2 Nf6 10. h3 d5 11. 0-0 0-0 12. Qe2 e5 13. f4 exf4 14. exf4 Qh5 15. Qf2 Re8 16. Rae1 Nbd7 17. Be2 Qh6 18. Bd3 Rxe1 19. Rxe1 Re8 20. Rxe8+ Nxe8 21. Nf3 Bf6 22. Qe3 Qf8 23. f5 Qe7 24. Qf2 Nd6 25. fxg6 hxg6 26. Nd2 Bg5 27. Kh2 Qe3 28. Qxe3 Bxe3 29. Nf3 b5 30. b4 Bc1 31. Ng1 Bd2 32. Ne2 Nf6 0-1

[Event "Rivera Huila Hernandez Memorial-B"]
[Site "Rivera Huila"]
[Date "2023.07.22"]
[Round "5"]
[White "Ceballos Castellanos, Isabela"]
[Black "Gonzalez Ballen, Miguel Eduardo"]
[Result "0-1"]
[WhiteElo "1675"]
[BlackElo "1850"]
[PlyCount "68"]
[EventDate "2023.07.20"]
[EventType "swiss"]
[EventRounds "7"]
[EventCountry "COL"]
[SourceTitle "CBM 215 Extra"]
[Source "ChessBase"]
[SourceDate "2023.09.30"]
[SourceVersion "1"]
[SourceVersionDate "2023.09.30"]
[SourceQuality "1"]

1. e4 c5 2. Nf3 d6 3. c3 Nf6 4. Bd3 g6 5. 0-0 Bg7 6. Re1 Nc6 7. Bc2 0-0 8. h3 b5 9. a4 b4 10. d4 Nd7 11. Qd3 a5 12. Nbd2 Ba6 13. Qe3 Qb6 14. d5 Nce5 15. Nxe5 Nxe5 16. f4 Nd7 17. Nf3 Bb7 18. Kh2 Qc7 19. c4 e6 20. Rb1 exd5 21. exd5 Nf6 22. Bd2 Rae8 23. Qf2 Bc8 24. Nh4 Qd8 25. b3 Bd7 26. Kh1 Nh5 27. g4 Bd4 28. Qg2 Qxh4 29. gxh5 Bxh3 30. Qg5 Qf2 31. hxg6 hxg6 32. Bxg6 Bg7 33. Bxf7+ Kxf7 34. f5 Bg2+ 0-1

[Event "COL-ch U20 Girls"]
[Site "Cali"]
[Date "2023.06.23"]
[Round "3"]
[White "Ceballos Castellanos, Isabela"]
[Black "Mogollon Tobar, Nicolle Juliet"]
[Result "1-0"]
[WhiteElo "1633"]
[BlackElo "1890"]
[PlyCount "57"]
[EventDate "2023.06.22"]
[EventType "swiss"]
[EventRounds "7"]
[EventCountry "COL"]
[SourceTitle "CBM 214 Extra"]
[Source "ChessBase"]
[SourceDate "2023.07.31"]
[SourceVersion "1"]
[SourceVersionDate "2023.07.31"]
[SourceQuality "1"]

1. e4 e6 2. d4 d5 3. Nd2 c5 4. Ngf3 cxd4 5. Nxd4 Nf6 6. e5 Nfd7 7. Bb5 a6 8. Bxd7+ Bxd7 9. 0-0 Nc6 10. N4f3 b5 11. Re1 Be7 12. Nf1 Rc8 13. Qe2 0-0 14. Ng3 a5 15. Nh5 g6 16. Nf4 b4 17. g3 a4 18. h4 a3 19. Nd3 axb2 20. Nxb2 Na7 21. Nd4 Qb6 22. Be3 Bc5 23. Qg4 Qc7 24. Nd3 Be7 25. h5 Qc4 26. hxg6 hxg6 27. Nf4 Be8 28. Kg2 f5 29. Qh3 1-0

[Event "Manizales op 28th"]
[Site "Manizales"]
[Date "2023.01.08"]
[Round "6"]
[White "Ceballos Castellanos, Isabela"]
[Black "Arroyo Bravo, Jaime Humberto"]
[Result "1-0"]
[WhiteElo "1642"]
[BlackElo "1532"]
[PlyCount "91"]
[EventDate "2023.01.05"]
[EventType "swiss"]
[EventRounds "8"]
[EventCountry "COL"]
[SourceTitle "CBM 212 Extra"]
[Source "ChessBase"]
[SourceDate "2023.03.31"]
[SourceVersion "1"]
[SourceVersionDate "2023.03.31"]
[SourceQuality "1"]

1. e4 d5 2. exd5 Qxd5 3. Nc3 Qa5 4. d4 Nf6 5. Nf3 Bg4 6. Qd3 Nc6 7. Bd2 Qh5 8. Ne2 0-0-0 9. Nf4 Qf5 10. Qxf5+ Bxf5 11. c3 h6 12. Bb5 g5 13. Bxc6 gxf4 14. Bb5 Rg8 15. Rg1 Ne4 16. Bxf4 c5 17. Bc4 e6 18. Ne5 cxd4 19. Nxf7 dxc3 20. bxc3 Bg7 21. Ne5 Rd6 22. Rd1 Rb6 23. f3 Nc5 24. Ke2 Na4 25. Ke3 Re8 26. g4 Bxe5 27. Bxe5 Bg6 28. Rd2 Rd8 29. Rxd8+ Kxd8 30. Bf6+ Ke8 31. Bd4 Rb2 32. Bb3 Nb6 33. Bxe6 Rxh2 34. Be5 Rb2 35. Rh1 Bf7 36. Rxh6 Bxe6 37. Rxe6+ Kf7 38. Rf6+ Ke7 39. Rh6 Nc4+ 40. Kf4 Rxa2 41. Bd4 b6 42. g5 Ra5 43. Kg4 Nd6 44. Bf6+ Kf7 45. Rh7+ Kg8 46. g6 1-0

[Event "Manizales op 28th"]
[Site "Manizales"]
[Date "2023.01.06"]
[Round "3"]
[White "Hurtado Sarmiento, Juan Sebastian"]
[Black "Ceballos Castellanos, Isabela"]
[Result "1-0"]
[WhiteElo "1966"]
[BlackElo "1642"]
[PlyCount "127"]
[EventDate "2023.01.05"]
[EventType "swiss"]
[EventRounds "8"]
[EventCountry "COL"]
[SourceTitle "CBM 212 Extra"]
[Source "ChessBase"]
[SourceDate "2023.03.31"]
[SourceVersion "1"]
[SourceVersionDate "2023.03.31"]
[SourceQuality "1"]

1. e4 c5 2. Nf3 Nc6 3. d4 cxd4 4. Nxd4 e5 5. Nb5 d6 6. N1c3 a6 7. Na3 Be7 8. Nc4 Be6 9. Ne3 Nf6 10. g3 0-0 11. Bg2 Na5 12. 0-0 Nc4 13. Ned5 Bxd5 14. Nxd5 Nxd5 15. Qxd5 Qc7 16. b3 Nb6 17. Qd3 Nd7 18. Bh3 Qc6 19. Bxd7 Qxd7 20. Ba3 Rac8 21. c4 Qe6 22. Rad1 Rc6 23. Rd2 Qh3 24. Rfd1 Rfc8 25. Qe3 h6 26. Qa7 R6c7 27. Qb6 Qg4 28. Qe3 d5 29. Bxe7 d4 30. Qe2 Qxe2 31. Rxe2 Rxe7 32. f4 f6 33. f5 b5 34. cxb5 axb5 35. a4 bxa4 36. bxa4 Ra7 37. Ra2 Ra5 38. Kf2 Rc4 39. Rda1 Kf7 40. g4 Ke7 41. h4 Kd6 42. g5 hxg5 43. hxg5 Kc5 44. g6 Kb4 45. Rb2+ Kc3 46. Rb7 Kd3 47. Kf3 Raxa4 48. Rxa4 Rxa4 49. Rxg7 Ra1 50. Rf7 Rf1+ 51. Kg2 Rf4 52. Kg3 Rf1 53. Kh2 Rf2+ 54. Kh3 Rf3+ 55. Kh4 Rf1 56. Rxf6 Rg1 57. Rf7 Kxe4 58. g7 Kf4 59. Kh3 e4 60. f6 Kf5 61. Rf8 d3 62. g8Q Rxg8 63. Rxg8 Kxf6 64. Kg2 1-0

[Event "COL-ch (Women)"]
[Site "Boyaca"]
[Date "2022.08.19"]
[Round "5"]
[White "Ceballos Castellanos, Isabela"]
[Black "Largo Chaparro, Sofia Alejandra"]
[Result "1-0"]
[WhiteElo "1631"]
[BlackElo "1324"]
[PlyCount "57"]
[EventDate "2022.08.17"]
[EventType "swiss"]
[EventRounds "9"]
[EventCountry "COL"]
[SourceTitle "CBM 210 Extra"]
[Source "ChessBase"]
[SourceDate "2022.11.30"]
[SourceVersion "1"]
[SourceVersionDate "2022.11.30"]
[SourceQuality "1"]

1. e4 e6 2. d3 d5 3. Nc3 d4 4. Nce2 c5 5. f4 Qb6 6. Nf3 Nf6 7. g3 Nc6 8. Bg2 Be7 9. 0-0 c4 10. Kh1 Ng4 11. Nfxd4 Nxd4 12. Nxd4 h5 13. dxc4 g5 14. fxg5 e5 15. Qf3 Qxd4 16. Qxf7+ Kd8 17. g6 Rf8 18. g7 Rxf7 19. g8Q+ Rf8 20. Rxf8+ Bxf8 21. Qxf8+ Kc7 22. h3 Nf2+ 23. Kh2 Bxh3 24. c3 Ng4+ 25. Kxh3 Qg1 26. Qe7+ Kc8 27. Kh4 Qh2+ 28. Bh3 Rb8 29. Bg5 1-0

[Event "COL-ch (Women)"]
[Site "Boyaca"]
[Date "2022.08.17"]
[Round "2"]
[White "Ceballos Castellanos, Isabela"]
[Black "Martinez Salgado, Gabriela"]
[Result "1-0"]
[WhiteElo "1631"]
[BlackElo "1188"]
[PlyCount "65"]
[EventDate "2022.08.17"]
[EventType "swiss"]
[EventRounds "9"]
[EventCountry "COL"]
[SourceTitle "CBM 210 Extra"]
[Source "ChessBase"]
[SourceDate "2022.11.30"]
[SourceVersion "1"]
[SourceVersionDate "2022.11.30"]
[SourceQuality "1"]

1. e4 c5 2. Nf3 d6 3. d4 cxd4 4. Nxd4 Nf6 5. Nc3 g6 6. Be3 Bg7 7. f3 Nc6 8. Qd2 0-0 9. g4 Bd7 10. Be2 Rc8 11. h4 a6 12. h5 b5 13. 0-0-0 b4 14. Nd5 Nxd4 15. Bxd4 Nxd5 16. Bxg7 Kxg7 17. exd5 Qa5 18. hxg6 fxg6 19. Qh6+ Kf7 20. Qxh7+ Ke8 21. Qxg6+ Kd8 22. Qg7 Kc7 23. Kb1 Rfe8 24. Qd4 Kb8 25. f4 Ba4 26. Bd3 Qc7 27. Qxb4+ Bb5 28. a4 Ka7 29. axb5 Rb8 30. Qa4 Rb6 31. Rh3 Kb7 32. bxa6+ Ka7 33. Qxe8 1-0

[Event "Manizales Departamental-ch (Women) 2nd"]
[Site "Manizales"]
[Date "2022.07.14"]
[Round "1"]
[White "Ceballos Castellanos, Isabela"]
[Black "Zambrano, Karina"]
[Result "1/2-1/2"]
[WhiteElo "1605"]
[BlackElo "1705"]
[PlyCount "48"]
[EventDate "2022.07.14"]
[EventType "tourn"]
[EventRounds "7"]
[EventCountry "COL"]
[SourceTitle "EXT 2024"]
[Source "ChessBase"]
[SourceDate "2023.10.10"]
[SourceVersion "1"]
[SourceVersionDate "2023.10.10"]
[SourceQuality "1"]

1. e4 c6 2. d4 d5 3. exd5 cxd5 4. c4 Nf6 5. Nc3 Nc6 6. Nf3 e6 7. a3 Be7 8. Be2 0-0 9. 0-0 Ne4 10. Ne5 Bf6 11. Nxc6 bxc6 12. Nxe4 dxe4 13. Be3 Bg5 14. Qd2 Be7 15. f3 exf3 16. Bxf3 Bb7 17. Rad1 Rc8 18. d5 cxd5 19. cxd5 exd5 20. Bxd5 Bxd5 21. Qxd5 Qxd5 22. Rxd5 Rc7 23. Rfd1 Rfc8 24. Rd7 h6 1/2-1/2

[Event "Manizales op 27th"]
[Site "Manizales"]
[Date "2022.01.09"]
[Round "7"]
[White "Ceballos Castellanos, Isabela"]
[Black "Jaramillo, Carlos Orlando"]
[Result "1/2-1/2"]
[WhiteElo "1598"]
[BlackElo "1838"]
[PlyCount "22"]
[EventDate "2022.01.06"]
[EventType "swiss"]
[EventRounds "8"]
[EventCountry "COL"]
[SourceTitle "CBM 206 Extra"]
[Source "ChessBase"]
[SourceDate "2022.03.31"]
[SourceVersion "1"]
[SourceVersionDate "2022.03.31"]
[SourceQuality "1"]

1. e4 Na6 2. d4 g6 3. Be3 Bg7 4. Nc3 e6 5. Qd2 c6 6. f4 Ne7 7. Nf3 b6 8. 0-0-0 Nc7 9. g4 d6 10. Bd3 Qd7 11. f5 Bb7 1/2-1/2

[Event "Manizales op 27th"]
[Site "Manizales"]
[Date "2022.01.09"]
[Round "6"]
[White "Vanegas, Josue"]
[Black "Ceballos Castellanos, Isabela"]
[Result "1/2-1/2"]
[WhiteElo "1814"]
[BlackElo "1598"]
[PlyCount "112"]
[EventDate "2022.01.06"]
[EventType "swiss"]
[EventRounds "8"]
[EventCountry "COL"]
[SourceTitle "CBM 206 Extra"]
[Source "ChessBase"]
[SourceDate "2022.03.31"]
[SourceVersion "1"]
[SourceVersionDate "2022.03.31"]
[SourceQuality "1"]

1. d4 f5 2. c4 Nf6 3. Nc3 g6 4. g3 Bg7 5. e3 d6 6. Bg2 0-0 7. Nge2 c6 8. 0-0 Qe8 9. d5 e5 10. dxc6 Nxc6 11. Qxd6 Bd7 12. b3 Rd8 13. Qc7 Rb8 14. Nd5 Rf7 15. Qd6 Kh8 16. Bb2 Nxd5 17. Qxd5 Be6 18. Qc5 Bd7 19. Rfd1 Bf8 20. Qd5 Be6 21. Qb5 Bg7 22. Rd6 Bd7 23. Rad1 Nd4 24. Qc5 Nxe2+ 25. Kf1 Nxg3+ 26. hxg3 Re7 27. a3 b6 28. Qd5 Be6 29. Qd2 e4 30. Bxg7+ Kxg7 31. Qd4+ Kf7 32. Kg1 Qh8 33. Bf1 h5 34. Be2 h4 35. Qxh8 Rxh8 36. gxh4 Rxh4 37. Kg2 Kf6 38. Rh1 Rxh1 39. Kxh1 Rd7 40. Rxd7 Bxd7 41. Kg2 Ke5 42. f4+ exf3+ 43. Bxf3 f4 44. exf4+ Kxf4 45. b4 g5 46. c5 bxc5 47. bxc5 Bc8 48. Ba8 Ke3 49. c6 a5 50. Bb7 Be6 51. c7 Kd3 52. c8Q Bxc8 53. Bxc8 a4 54. Bd7 Kc3 55. Bxa4 Kb2 56. Bd1 Kxa3 1/2-1/2

[Event "COL-ch U18 final"]
[Site "Medellin"]
[Date "2021.06.20"]
[Round "7"]
[White "Gomez Vasquez, Laura Sofia"]
[Black "Ceballos Castellanos, Isabela"]
[Result "1/2-1/2"]
[WhiteElo "1699"]
[BlackElo "1473"]
[PlyCount "73"]
[EventDate "2021.06.16"]
[EventType "swiss"]
[EventRounds "7"]
[EventCountry "COL"]
[SourceTitle "EXT 2022"]
[Source "ChessBase"]
[SourceDate "2021.10.06"]
[SourceVersion "1"]
[SourceVersionDate "2021.10.06"]
[SourceQuality "1"]

1. e4 c5 2. Nf3 d6 3. d4 cxd4 4. Nxd4 Nf6 5. Nc3 g6 6. Be2 Bg7 7. Be3 Nc6 8. 0-0 0-0 9. Nb3 a6 10. a4 Be6 11. Nd4 Nxd4 12. Bxd4 Rc8 13. f4 Bc4 14. Bxc4 Rxc4 15. Qd3 Rc8 16. Rac1 Qa5 17. Rfe1 Rfd8 18. Bxf6 Bxf6 19. Nd5 Qxa4 20. Nxf6+ exf6 21. c3 Qc6 22. Qd4 d5 23. e5 f5 24. Rcd1 Qe6 25. g3 Rd7 26. Re2 Rc4 27. Qf2 b5 28. Red2 b4 29. cxb4 Rxb4 30. Qc5 Qb6 31. Qxb6 Rxb6 32. Rxd5 Rxd5 33. Rxd5 Rxb2 34. Rd8+ Kg7 35. Ra8 Ra2 36. Ra7 Kf8 37. Kh1 1/2-1/2

[Event "COL-ch U18 final"]
[Site "Medellin"]
[Date "2021.06.19"]
[Round "5"]
[White "Ceballos Castellanos, Isabela"]
[Black "Ortiz Lopera, Miguel Angel"]
[Result "0-1"]
[WhiteElo "1473"]
[BlackElo "1497"]
[PlyCount "80"]
[EventDate "2021.06.16"]
[EventType "swiss"]
[EventRounds "7"]
[EventCountry "COL"]
[SourceTitle "EXT 2022"]
[Source "ChessBase"]
[SourceDate "2021.10.06"]
[SourceVersion "1"]
[SourceVersionDate "2021.10.06"]
[SourceQuality "1"]

1. e4 e5 2. Nf3 Nc6 3. d4 exd4 4. Nxd4 Bc5 5. Nb3 Bb6 6. Qe2 d6 7. Be3 Bxe3 8. Qxe3 Nf6 9. Nc3 0-0 10. 0-0-0 Re8 11. h3 Qe7 12. Bb5 a6 13. Bxc6 bxc6 14. Rhe1 a5 15. a4 Bb7 16. g4 c5 17. f3 Bc6 18. h4 Nd7 19. f4 Qxh4 20. g5 Qg4 21. Rh1 Nf8 22. Rdg1 Qd7 23. f5 Qxf5 24. g6 fxg6 25. Rg5 Qf6 26. Rg4 Re5 27. Rf4 Qg5 28. Rhf1 Ne6 29. Nd2 Nxf4 30. Rxf4 Rf8 31. Rxf8+ Kxf8 32. Qd3 Qf4 33. Qa6 Bxe4 34. Qc8+ Re8 35. Qxc7 Bf3 36. Nd1 Bxd1 37. Kxd1 Qg4+ 38. Nf3 Qxf3+ 39. Kd2 Re2+ 40. Kd1 Qf1# 0-1

[Event "COL-ch U18 final"]
[Site "Medellin"]
[Date "2021.06.18"]
[Round "4"]
[White "Martinez Serna, Juan Esteban"]
[Black "Ceballos Castellanos, Isabela"]
[Result "1-0"]
[WhiteElo "1426"]
[BlackElo "1473"]
[PlyCount "111"]
[EventDate "2021.06.16"]
[EventType "swiss"]
[EventRounds "7"]
[EventCountry "COL"]
[SourceTitle "EXT 2022"]
[Source "ChessBase"]
[SourceDate "2021.10.06"]
[SourceVersion "1"]
[SourceVersionDate "2021.10.06"]
[SourceQuality "1"]

1. d4 Nf6 2. c4 g6 3. Nc3 d5 4. cxd5 Nxd5 5. e4 Nxc3 6. bxc3 Bg7 7. Bc4 c5 8. Ne2 0-0 9. 0-0 Nc6 10. Be3 Qc7 11. Qc1 Rd8 12. Rd1 Na5 13. Bd3 b6 14. Qa3 Be6 15. d5 Bd7 16. Rab1 e6 17. Bg5 Re8 18. Bf4 Qc8 19. dxe6 Rxe6 20. Rd2 Bc6 21. f3 Be5 22. Bxe5 Rxe5 23. Rbd1 Qc7 24. Qb2 Ba4 25. Re1 Rd8 26. Nf4 Bc6 27. Bf1 Ree8 28. Red1 Ba4 29. Nd5 Rxd5 30. Rxd5 Bxd1 31. Rxd1 Rd8 32. Rd5 Rxd5 33. exd5 Qe5 34. Qd2 Nb7 35. c4 Nd6 36. g3 Nf5 37. Kf2 Kg7 38. f4 Qf6 39. Be2 Nd6 40. Qe3 a6 41. a4 g5 42. Qe5 gxf4 43. gxf4 Nf5 44. Bd3 Nd6 45. Ke3 b5 46. axb5 axb5 47. cxb5 c4 48. Be2 Nf5+ 49. Kd2 Kg6 50. Bh5+ Kg7 51. b6 Nd6 52. Kc3 Qxe5+ 53. fxe5 Nb7 54. Bg4 f6 55. exf6+ Kxf6 56. Bc8 1-0

[Event "Coliseo Department-ch"]
[Site "Coliseo"]
[Date "2020.12.13"]
[Round "6"]
[White "Ceballos Castellanos, Isabela"]
[Black "Villamizar, Diego Fernando"]
[Result "0-1"]
[WhiteElo "1451"]
[BlackElo "1993"]
[PlyCount "161"]
[EventDate "2020.12.11"]
[EventType "swiss"]
[EventRounds "7"]
[EventCountry "COL"]
[SourceTitle "EXT 2022"]
[Source "ChessBase"]
[SourceDate "2021.10.06"]
[SourceVersion "1"]
[SourceVersionDate "2021.10.06"]
[SourceQuality "1"]

1. e4 c5 2. Nf3 Nc6 3. Bb5 g6 4. 0-0 Bg7 5. Bxc6 dxc6 6. Re1 e5 7. d3 b6 8. Nbd2 Ne7 9. Nc4 Qc7 10. a4 a5 11. Be3 0-0 12. Qc1 Re8 13. Bh6 f6 14. Bxg7 Kxg7 15. Qe3 Be6 16. Ncd2 Rad8 17. Rf1 Ng8 18. Ne1 Nh6 19. f4 Qd6 20. f5 gxf5 21. Qg3+ Kh8 22. Qh4 Qf8 23. exf5 Nxf5 24. Qe4 Ne7 25. Qh4 Nf5 26. Qe4 Nd4 27. c3 Bd5 28. Qe3 Nb3 29. Nxb3 Bxb3 30. c4 e4 31. dxe4 Bxc4 32. Rf5 Rd4 33. e5 Bd5 34. Nf3 Rg4 35. Re1 Qg8 36. Qf2 fxe5 37. Rfxe5 Rf8 38. R5e3 Qg7 39. Re8 Rgf4 40. Rxf8+ Qxf8 41. Qe3 Bxf3 42. Qe5+ Rf6 43. gxf3 Qd6 44. Qxd6 Rxd6 45. Re8+ Kg7 46. Rb8 Rd1+ 47. Kg2 Rd2+ 48. Kg3 Rxb2 49. Rc8 Kf6 50. Rxc6+ Ke5 51. f4+ Kf5 52. Rh6 Rb3+ 53. Kh4 Kxf4 54. Rxh7 c4 55. Rf7+ Ke5 56. Rc7 Kd4 57. Kg4 Rb4 58. h4 c3 59. h5 Rc4 60. Rxc4+ Kxc4 61. h6 c2 62. h7 c1Q 63. h8Q Qd1+ 64. Kf5 Qxa4 65. Qg8+ Kb4 66. Qf8+ Kb3 67. Qg8+ Qc4 68. Qg3+ Ka4 69. Qe1 Qd4 70. Qb1 b5 71. Qc2+ Kb4 72. Qb1+ Kc5 73. Qc1+ Kd5 74. Qh1+ Kc4 75. Qc1+ Qc3 76. Qf4+ Kb3 77. Qb8 b4 78. Qg8+ Kb2 79. Kf4 b3 80. Qg2+ Ka3 81. Qg1 0-1

[Event "Coliseo Department-ch"]
[Site "Coliseo"]
[Date "2020.12.11"]
[Round "2"]
[White "Moncada Salguero, Carlos"]
[Black "Ceballos Castellanos, Isabela"]
[Result "0-1"]
[WhiteElo "1602"]
[BlackElo "1451"]
[PlyCount "56"]
[EventDate "2020.12.11"]
[EventType "swiss"]
[EventRounds "7"]
[EventCountry "COL"]
[SourceTitle "EXT 2022"]
[Source "ChessBase"]
[SourceDate "2021.10.06"]
[SourceVersion "1"]
[SourceVersionDate "2021.10.06"]
[SourceQuality "1"]

1. d4 f5 2. c4 Nf6 3. Nc3 g6 4. Nf3 Bg7 5. e3 d6 6. Be2 0-0 7. 0-0 c6 8. Qc2 Qe8 9. h3 Na6 10. a3 e5 11. dxe5 dxe5 12. e4 Nc5 13. Nd2 Ne6 14. exf5 Nd4 15. Qd1 Bxf5 16. Nf3 Rd8 17. Nxd4 exd4 18. Na2 Qd7 19. Bg5 d3 20. Bf3 h6 21. Bh4 Qd4 22. g4 Be6 23. Re1 Bxc4 24. Re7 Qxb2 25. Rb1 Qxa2 26. Rbxb7 Rf7 27. Qe1 d2 28. Qe3 Qa1+ 0-1